| 000 | 01122nam a22002657a 4500 | ||
|---|---|---|---|
| 005 | 20240530110345.0 | ||
| 008 | 141201s2009 ua frb 000 0 ara d | ||
| 017 |
_a2009/9423 _bمصر . دار الكتب المصرية |
||
| 020 | _a9771806306 | ||
| 040 | _aEG-CaGPL | ||
| 041 | 0 | _aara | |
| 082 | 0 | 4 |
_221 _a382.09/ _bق/م إ |
| 100 | 0 | _aمحمد أنيس | |
| 245 | 1 | 0 |
_aانجلترا وطريق السويس فى القرن الثامن عشر / _cتاليف محمد أنيس ؛ ترجمة وتقديم وتعليق عبدالوهاب بكر ؛ تصدير على بركات |
| 260 |
_aالقاهرة : _bدار الكتب والوثائق القومية ، _c2009 |
||
| 300 |
_a119 + 13 ص ؛ _c24 سم |
||
| 504 | _aببليوجرافية : ص 1 - 13 | ||
| 650 | 0 | 4 | _aالعلاقات التجارية |
| 650 | 0 | 4 | _aالعلاقات الاقتصادية الدولية |
| 650 | 0 | 4 |
_aمصر _xتاريخ _xالاحتلال البريطانى |
| 700 | 0 |
_aعبدالوهاب بكر _eمترجم |
|
| 700 | 0 |
_aعلى بركات _eمصدر |
|
| 942 |
_2ddc _cBK |
||
| 999 |
_c59950 _d59950 |
||